000 00305nam a22001337a 4500
008 170807b xxu||||| |||| 00| 0 eng d
020 _a9780805317558
041 _aeng
080 _23RD
_a004
100 _a33
101 _aSHKI
245 _aFUNDAMENTALS OF DATABASE SYSTEMS
_cELMASRI
942 _2udc
_cBK
999 _c22791
_d22791